000 00316nam a2200145Ia 4500
005 20251222140105.0
008 251222s1900||||xx |||||||||||||| ||spa||
020 _a8425421756
082 _a184/R31P/Ej.2
100 _aReale, Giovanni
245 0 _aPlatón:
250 _a2a.ed.
264 _bHerder
942 _cLIB
999 _c4080
_d4080